| 000 | 00659cam a22002293a 4500 | ||
|---|---|---|---|
| 001 | 16442 | ||
| 003 | PGUSA | ||
| 005 | 20140828083342.0 | ||
| 008 | 050805s2005||||xxu|||||s|||||000 | eng d | ||
| 040 |
_aPGUSA _beng |
||
| 042 | _adc | ||
| 050 | 4 | _aQH | |
| 100 | 1 |
_aCrampton, Henry Edward, _d1875- |
|
| 245 | 1 | 4 |
_aThe Doctrine of Evolution : _bIts Basis and Its Scope _h[electronic resource] / _cHenry Edward Crampton |
| 260 |
_bProject Gutenberg, _c2005 |
||
| 506 | _aPublic domain in the USA. | ||
| 516 | _aElectronic text | ||
| 653 | _aEvolution | ||
| 830 | 0 |
_aProject Gutenberg _v16442 |
|
| 856 | 4 | 0 | _uhttp://www.gutenberg.org/ebooks/16442 |
| 942 | _cEB | ||
| 999 |
_c245697 _d245697 |
||